LEADER 02559cam0-2200589---450- 001 990004829280403321 005 20121105144452.0 035 $a000482928 035 $aFED01000482928 035 $a(Aleph)000482928FED01 035 $a000482928 100 $a19990604d1956----km-y0itay50------ba 101 0 $afre 102 $aFR 105 $a--------001yy 200 1 $aJournal$emémoires de la vie littéraire$fEdmond et Jules de Goncourt$gavant-propos de l'Académie Goncourt$gtexte intégral établi et annoté par Robert Ricatte 210 $aMonaco$cLes Editions de l'Imprimerie nationale de Monaco$d1956 215 $a22 v.$d20 cm 327 1 $a1.: 1851-1856$a2.: 1856-1858$a3.: 1858-1860$a4.: 1860-1861$a5.: 1861-1863$a6.: 1863-1864$a7.: 1864-1867$a8.: 1867-1870$a9.: 1870-1871$a10.: 1871-1875$a11.: 1875-1878$a12.: 1879-1883$a13.: 1883-1885$a14.: 1885-1887$a15.: 1887-1889$a16.: 1889-1890$a17.: 1890-1891$a18.: 1891-1892$a19.: 1892-1894$a20.: 1894-1895$a21.: 1895-1896$a22.: 1896 676 $a848.8 700 1$aGoncourt,$bEdmond de$f<1822-1896>$0290295 702 1$aGoncourt,$bJules de$f<1830-1870> 702 1$aRicatte,$bRobert 712 02$aAcadémie Goncourt 801 0$aIT$bUNINA$gRICA$2UNIMARC 901 $aBK 912 $a990004829280403321 952 $a848.8 GONC 1(2;1)$bIst.f.m.4690$fFLFBC 952 $a848.8 GONC 1(2;2)$bIst.f.m.4690$fFLFBC 952 $a848.8 GONC 1(2;3)$bIst.f.m.4690$fFLFBC 952 $a848.8 GONC 1(2;4)$bIst.f.m.4917$fFLFBC 952 $a848.8 GONC 1(2;5)$bIst.f.m.4917$fFLFBC 952 $a848.8 GONC 1(2;6)$bIst.f.m.4917$fFLFBC 952 $a848.8 GONC 1(2;7)$bIst.f.m.4917$fFLFBC 952 $a848.8 GONC 1(2;8)$bIst.f.m.4917$fFLFBC 952 $a848.8 GONC 1(2;9)$bIst.f.m.4917$fFLFBC 952 $a848.8 GONC 1(2;10)$bIst.f.m.4917$fFLFBC 952 $a848.8 GONC 1(2;11)$bIst.f.m.4917$fFLFBC 952 $a848.8 GONC 1(2;12)$bIst.f.m.4917$fFLFBC 952 $a848.8 GONC 1(2;13)$bIst.f.m.4917$fFLFBC 952 $a848.8 GONC 1(2;14)$bIst.f.m.4917$fFLFBC 952 $a848.8 GONC 1(2;15)$bIst.f.m.4917$fFLFBC 952 $a848.8 GONC 1(2;16)$bIst.f.m.4917$fFLFBC 952 $a848.8 GONC 1(2;17)$bIst.f.m.4917$fFLFBC 952 $a848.8 GONC 1(2;18)$bIst.f.m.4917$fFLFBC 952 $a848.8 GONC 1(2;19)$bIst.f.m.5982$fFLFBC 952 $a848.8 GONC 1(2;20)$bIst.f.m.5982$fFLFBC 952 $a848.8 GONC 1(2;21)$bIst.f.m.5598$fFLFBC 952 $a848.8 GONC 1(2;22)$bIst.f.m.5598$fFLFBC 959 $aFLFBC 996 $aJournal$991773 997 $aUNINA LEADER 04445oas 22014893a 450 001 9910626004903321 005 20260127110048.0 011 $a1558-2353 035 $a(DE-599)ZDB2034316-4 035 $a(OCoLC)60638473 035 $a(CONSER) 2005212494 035 $a(CKB)954925599641 035 $a(DE-599)2034316-4 035 $a(EXLCZ)99954925599641 100 $a20050615b19932005 sy a 101 0 $aeng 135 $aurun||||||||| 181 $ctxt$2rdacontent 182 $cc$2rdamedia 183 $acr$2rdacarrier 200 10$aIEEE transactions on speech and audio processing $ea publication of the IEEE Signal Processing Society 210 $aNew York, NY $cInstitute of Electrical and Electronics Engineers 300 $aRefereed/Peer-reviewed 311 08$a1063-6676 517 3 $aInstitute of Electrical and Electronics Engineers transactions on speech and audio processing 517 3 $aTransactions on speech and audio processing 517 3 $aSpeech and audio processing 531 0 $aIEEE trans. speech audio process. 606 $aSpeech processing systems$vPeriodicals 606 $aElectro-acoustics$vPeriodicals 606 $aSignal processing$xDigital techniques$vPeriodicals 606 $aAuditory Perception 606 $aElectronic Data Processing 606 $aSignal Processing, Computer-Assisted 606 $aSound 606 $aSpeech 606 $aSpeech Perception 606 $aE?lectroacoustique$vPe?riodiques 606 $aTraitement du signal$xTechniques nume?riques$vPe?riodiques 606 $aTraitement automatique de la parole$vPe?riodiques 606 $aPerception auditive 606 $aInformatique 606 $aSon 606 $aParole 606 $aPerception de la parole 606 $aDiscours 606 $acomputer science$2aat 606 $adata processing$2aat 606 $asound (acoustics)$2aat 606 $aspeeches (documents)$2aat 606 $aspeeches (compositions)$2aat 606 $aspeech (communication function)$2aat 606 $aElectro-acoustics$2fast$3(OCoLC)fst00906339 606 $aSignal processing$xDigital techniques$2fast$3(OCoLC)fst01118285 606 $aSpeech processing systems$2fast$3(OCoLC)fst01129243 606 $aAkoestiek$2gtt 606 $aComputermethoden$2gtt 606 $aSpraakherkenning$2gtt 608 $aPeriodical. 608 $aPeriodicals.$2fast 608 $aPeriodicals.$2lcgft 615 0$aSpeech processing systems 615 0$aElectro-acoustics 615 0$aSignal processing$xDigital techniques 615 2$aAuditory Perception. 615 2$aElectronic Data Processing. 615 2$aSignal Processing, Computer-Assisted. 615 2$aSound. 615 2$aSpeech. 615 2$aSpeech Perception. 615 6$aE?lectroacoustique 615 6$aTraitement du signal$xTechniques nume?riques 615 6$aTraitement automatique de la parole 615 6$aPerception auditive. 615 6$aInformatique. 615 6$aSon. 615 6$aParole. 615 6$aPerception de la parole. 615 6$aDiscours. 615 7$acomputer science. 615 7$adata processing. 615 7$asound (acoustics) 615 7$aspeeches (documents) 615 7$aspeeches (compositions) 615 7$aspeech (communication function) 615 7$aElectro-acoustics. 615 7$aSignal processing$xDigital techniques. 615 7$aSpeech processing systems. 615 17$aAkoestiek. 615 17$aComputermethoden. 615 17$aSpraakherkenning. 676 $a621 712 02$aIEEE Signal Processing Society 801 0$bOCLCS 801 1$bOCLCS 801 2$bNSD 801 2$bOCLCF 801 2$bGPM 801 2$bOCLCO 801 2$bVT2 801 2$bOCLCA 801 2$bOCL 801 2$bOCLCQ 801 2$bOCLCO 801 2$bOCLCQ 801 2$bZ5A 801 2$bOCLCO 801 2$bOCLCA 801 2$bU3W 801 2$bOCLCO 801 2$bEZC 801 2$bOCLCO 801 2$bAU@ 801 2$bOCLCO 801 2$bWYU 801 2$bUKMGB 801 2$bAUD 801 2$bOCLCQ 801 2$bOCLCO 801 2$bOCLCQ 801 2$bOCLCL 801 2$bS2H 801 2$bOCLCQ 906 $aJOURNAL 912 $a9910626004903321 996 $aIEEE transactions on speech and audio processing$92577242 997 $aUNINA